01587 2200313 4500001002100000005001500021035002000036007000300056008004100059020002200100082001000122084001900132100001600151245019300167250003200360300003800392650001700430700003100447700003000478700003000508700002300538700003000561520054800591264004401139336002101183337003001204338002301234990001601257INLIS00000000116340820230919100959 a0010-0923000026ta230919 g 0 ind  a978-623-00-4538-7 a641.5 aSR 641.5 DYA t0 aDyah Arum K1 a76 ide hidangan nusantara untuk mpasi dan balita :b(dilengkapi panduan gizi) /cDyah Arum K, Anissa Florence, Tammy Herliani, Leona Victoria; editor, Rini Agata; ilustrator, Debora Melina aCetakan kedua: Agustus 2023 a202 halaman :bilustrasi ;c21 cm 4aMakanan bayi0 aAnissa Florenceepengarang0 aTammy Herlianiepengarang0 aLeona Victoriaepengarang0 aRini Agataeeditor0 aDebora Melinaeilustrator aBuku 76 ide hidangan nusantara untuk mpasi dan balita ditulis dengan mengedepankan kekayaan kuliner Indonesia. Penggunaan bahan-bahan yang mudah didapat, juga cara memasak yang sangat familier dengan keseharian kita, diharapkan buku ini dapat menemani perjalanan MPASI si kecil. Dalam setiap resep akan disertakan pula perhitungan kandungan gizi, sehingga akan memudahkan kita menghitung dan memilih variasi guna memenuhi kecukupan gizi si kecil. Tak lupa pengetahuan seputar MPASI juga disertakan untuk melengkapi dan memperkaya isi buku ini. aJakarta :bElex Media Komputindo,c2023 2rdacontentaTeks 2rdamediaaTanpa perantara 2rdacarrieraVolume a52197.65017